000 00290nam a2200145Ia 4500
100 _aRao/P.N.
650 _aPRODUCTION
942 _cBK
366 _f25
245 _aMANUFACTURING TECH-1
260 _bNewnes
_aOxford
_c2006
082 _a620.1/RAO
300 _a400
546 _aENGLISH
999 _c27729
_d27729